Test your skills C (Record no. 11638)

MARC details
000 -LEADER
fixed length control field 00463nam a2200217Ia 4500
001 - CONTROL NUMBER
control field 109839
003 - CONTROL NUMBER IDENTIFIER
control field YMCAF
005 - DATE AND TIME OF LATEST TRANSACTION
control field 20230512162403.0
008 - FIXED-LENGTH DATA ELEMENTS--GENERAL INFORMATION
fixed length control field 100717s2004 ||||||||||||||||| ||und|d
024 ## - OTHER STANDARD IDENTIFIER
Standard number or code 109839
035 ## - SYSTEM CONTROL NUMBER
System control number WB826
040 ## - CATALOGING SOURCE
Original cataloging agency YMCAF
Language of cataloging eng
Transcribing agency IN-KoLT
041 ## - LANGUAGE CODE
Language code of text/sound track or separate title eng
082 ## - DEWEY DECIMAL CLASSIFICATION NUMBER
Classification number 005.133C
Item number SEL
100 ## - MAIN ENTRY--PERSONAL NAME
Personal name Selvi, Murugesan
245 #0 - TITLE STATEMENT
Title Test your skills C
250 ## - EDITION STATEMENT
Edition statement 5th
260 ## - PUBLICATION, DISTRIBUTION, ETC.
Name of publisher, distributor, etc. TMH
Date of publication, distribution, etc. 2004
300 ## - PHYSICAL DESCRIPTION
Extent 263
942 ## - ADDED ENTRY ELEMENTS (KOHA)
Source of classification or shelving scheme Dewey Decimal Classification
Koha item type Books
Holdings
Withdrawn status Lost status Damaged status Not for loan Home library Current library Date acquired Cost, normal purchase price Total Checkouts Barcode Date last seen Cost, replacement price Price effective from Koha item type Public note G
        JC Bose University of Science & Technology JC Bose University of Science & Technology 17/07/2010 150.00   WB828 12/05/2023 150.00 12/05/2023 Books C 601437
        JC Bose University of Science & Technology JC Bose University of Science & Technology 17/07/2010 150.00   WB826 12/05/2023 150.00 12/05/2023 Books C 601437
        JC Bose University of Science & Technology JC Bose University of Science & Technology 17/07/2010 150.00   WB827 12/05/2023 150.00 12/05/2023 Books C 601437